[Event "Dyfed Major"]
[Site "Fishguard"]
[Date "2020.02.16"]
[Round "4.6"]
[White "Shepherd, Graham C"]
[Black "Foss, Michael"]
[Result "1-0"]
[WhiteElo "1686"]
[BlackElo "1478"]
[Annotator "kemen"]
[PlyCount "109"]
[EventDate "2020.??.??"]

{[%evp 0,109,27,48,35,-72,23,57,68,62,40,27,30,25,43,52,90,62,92,79,94,61,90,
59,127,66,89,80,136,80,76,73,84,79,85,63,76,37,33,13,42,35,59,60,39,45,55,48,
52,24,75,102,78,78,87,101,75,79,111,77,69,17,133,104,94,-53,-66,-56,-58,-42,73,
51,136,131,204,214,189,193,210,202,322,240,332,332,336,216,233,279,418,277,462,
576,659,702,1395,471,505,544,546,614,813,933,992,1016,1016,1015,1016,1015,1037,
1185,1264,1283]} 1. e4 d5 2. exd5 Qxd5 3. Nf3 (3. Nc3 {main}) 3... Nf6 4. d4
Bf5 (4... Bg4) 5. c4 (5. Be2) 5... Qd8 6. Nc3 e6 7. Bd3 (7. Be2) 7... Bg6 (7...
Bxd3 {main}) 8. O-O c6 9. Re1 {3 Wh wins, 1 draw, 1 Bl win} Be7 10. Be3 Qc7 (
10... O-O 11. Nh4 Bh5 12. Be2 Bxe2 13. Qxe2 Bb4 14. Rac1 Nbd7 15. Red1 Re8 16.
h3 Qe7 17. Nf3 e5 18. a3 Bxc3 19. Rxc3 exd4 20. Nxd4 Ne4 21. Rc2 h6 (21... g6)
22. Nf5 $18 Qe6 23. Qg4 Ng5 24. Rd6 (24. Rxd7) 24... Ne5 25. Rxe6 Nxg4 26.
Rxe8+ {Da Silva-Capeletti, Porto Alegre op 2012,1-0}) 11. h3 (11. Bxg6 hxg6 12.
d5 $18 {Stockfish11}) 11... Bh5 (11... Bxd3 12. Qxd3 O-O 13. Rad1 $16 {
Stockfish11}) 12. Be2 (12. g4 Bg6 13. d5 $18 {Stockfish11}) 12... Bxf3 13. Bxf3
h6 (13... O-O) (13... Nbd7) 14. Qb3 (14. d5 $18 {Bl is behind in development
with a passive position, so opening up the game is called for}) 14... Nbd7 15.
Rad1 O-O 16. Qc2 a5 17. c5 $11 {blocks the position, which helps Ns, rather
than opening up, which favours Bs} (17. g3 Rfe8 18. Bg2 Rad8 $14) 17... Rfe8
18. Ne2 Nd5 19. Bxd5 exd5 20. Bf4 Qd8 21. Ng3 Bf6 22. Nf5 Rxe1+ 23. Rxe1 Nf8
24. Qd2 Bg5 (24... Qd7 25. Qd3 Re8 $11 {Stockfish11-contesting the only open
file}) 25. Bxg5 Qxg5 26. Qxg5 hxg5 27. Re7 $18 Rb8 28. Nd6 b6 29. cxb6 (29. Rb7
$1 Rxb7 30. Nxb7 a4 (30... bxc5 31. Nxa5 $18) 31. cxb6 $18) 29... Rxb6 30. Rb7
{one move too late} (30. Nxf7 Ne6 31. Rxe6 Kxf7 32. Re2 Rb4 33. Rd2 $16 {
Stockfish11}) 30... Rb4 (30... Rxb7 31. Nxb7 Ne6 32. Nxa5 Nxd4 $11 {Stockfish11
}) 31. Rxb4 axb4 32. a4 (32. Nf5 $1 {forces the Bl N offside} Ng6 (32... Ne6
33. Ne7+ Kf8 34. Nxc6 b3 35. axb3 $18 (35. a4 $18)) 33. a4 $18 {Stockfish11})
32... bxa3 33. bxa3 Ne6 $11 34. a4 Nc7 (34... Kf8 35. a5 Ke7 36. Nf5+ Kd7 37.
g3 $11 {Stockfish11}) (34... Nxd4 35. a5 Ne6 36. a6 Kf8 37. a7 Nc7 38. Nf5 Na8
$11 {Stockfish11}) 35. a5 (35. Nc8 Kf8 36. Na7 Ke7 37. Nxc6+ Kd6 38. Ne5 f6 39.
Nf3 $16) 35... c5 (35... Kf8 36. Kf1 Ke7 37. Nf5+ Kf6 38. Ne3 Nb5 39. Nc2 Ke7
40. Ke2 Kd6 41. Ke3 c5 42. a6 c4 43. Nb4 f6 44. g3 $18) 36. dxc5 $18 d4 37. Kf1
Kf8 38. Ke2 Na6 39. c6 (39. Nb5 Nxc5 40. Nc7 Ke7 41. a6) 39... d3+ 40. Kd2 (40.
Kxd3 Nb4+ 41. Kc4 Nxc6 42. a6 Ke7 43. Kc5 Kd7 44. Nc8 Kc7 45. Nd6 Nd8 46. a7
Ne6+ 47. Kc4 $18 {Stockfish11}) 40... g6 41. Nb5 Ke7 42. c7 (42. Kxd3 Nb4+ 43.
Kc4 Nxc6 44. a6 $18) 42... Kd7 43. Kxd3 f5 44. g4 (44. Kd4) 44... Nc5+ 45. Kc4
Na6 46. Kd5 Nb4+ 47. Ke5 (47. Kc5) 47... Nc6+ 48. Kf6 Nxa5 49. Kxg6 fxg4 50.
hxg4 Nc6 51. Kxg5 Ne7 52. Kf6 Ng8+ 53. Kg7 (53. Ke5) 53... Ne7 54. Kf7 Nd5 55.
g5 1-0

[Event "Dyfed Major"]
[Site "Fishguard"]
[Date "2020.02.16"]
[Round "4.7"]
[White "Evans, Gwyn"]
[Black "Hollyman, Mike"]
[Result "1-0"]
[WhiteElo "1182"]
[BlackElo "1301"]
[Annotator "kemen"]
[PlyCount "97"]
[EventDate "2020.??.??"]

{[%evp 0,97,19,31,25,-16,7,27,62,31,65,90,66,67,89,48,48,24,25,21,26,15,18,-78,
-9,-11,49,0,37,2,-5,-111,-99,-113,34,42,80,88,60,-9,-27,-29,-17,-18,-17,-56,
-13,-56,-41,-81,-52,-52,-64,-276,-322,-322,-322,-355,-382,-382,-157,-157,-157,
-210,-129,-180,-169,-188,-135,-197,-217,-217,-205,-274,-263,-295,-259,-287,
-295,-307,29995,1652,29985,-74,-83,-68,-21,0,0,0,0,-776,945,422,437,438,446,
397,29987,29988]} 1. d4 Nf6 2. c4 c5 3. d5 b5 4. Nf3 (4. cxb5 {main, accepting
the gambit}) 4... bxc4 5. Nc3 d6 6. e4 Nbd7 7. Qa4 {6 Wh wins, 1 draw, 2 Bl
wins} (7. Bxc4 {main}) (7. Nd2 {5 Wh wins, 1 draw- scores well, as it puts the
N on a good square, whereas the B doesn't quite belong there}) 7... g6 8. Bxc4
{preferred by Stockfish11, though only move played here is} (8. e5 {4-0}) 8...
Bg7 9. Qc2 (9. e5 {2 Wh wins, 1 draw, 1 Bl win} dxe5 $17 {Cloud Engines}) 9...
O-O 10. a3 (10. O-O) 10... Nb6 (10... Ng4 11. Bf4 Nge5 12. Bxe5 Nxe5 13. Nxe5
Bxe5 14. O-O Rb8 $15 {Kucki-Guenzel, Ruhrgebiet ch tm, 1995,0-1}) 11. Ba2 Re8 (
11... Ba6 $19 {Stockfish11, keeps Wh's K in the centre for the moment}) 12. O-O
Nbd7 (12... Ba6 $15) (12... e6 $11) (12... Ng4 $11) 13. Bd2 (13. h3) 13... Ng4
14. h3 Nge5 15. Ne1 Ba6 $17 16. f4 Bxf1 (16... Nc4 17. Bxc4 Bd4+ (17... Bxc4
18. Rf2 Rb8 $17) 18. Kh2 Bxc4 19. Rh1 Qb6 $17 {Stockfish11}) 17. Kxf1 $16 {
Bl discovers the N has nowhere to go} Rf8 18. fxe5 Nxe5 19. Qc1 (19. Nd3 $16)
19... f5 $11 20. Kg1 Rb8 21. exf5 Rxf5 22. Bb1 Rf7 23. Be4 Nc4 24. Rb1 Bd4+ 25.
Kh2 Rf1 26. Bh6 $2 {too optimistic, Wh needs to be thinking about defence, not
attack} (26. Nd1 Nxd2 27. Qxd2 Bg1+ 28. Kg3 Rb3+ 29. Nf3 Qf8 30. Nc3 Rxb1 31.
Bxb1 Bd4 $17 {Stockfish11}) 26... Bg1+ $19 27. Kg3 Bf2+ 28. Kh2 Rxe1 29. Qc2
Be3 (29... Bg1+ $1 30. Kg3 (30. Kh1 Nxa3 $1 31. Rxe1 (31. bxa3 Rbxb1 32. Nxb1
Be3+ 33. Kh2 Bxh6 $19) 31... Nxc2 32. Rxg1 Nd4 $19 {Stockfish11}) 30... Rxb1
31. Nxb1 Ne5 $19 {Stockfish11}) (29... Rxb1 30. Nxb1 Be3 31. Bxe3 Nxe3 32. Qd3
Nf5 $19 {Stockfish11}) 30. Rxe1 Bxh6 $17 31. Qe2 (31. Bxg6 hxg6 32. Qxg6+ Bg7
$17) 31... Ne3 (31... Bf4+ 32. Kg1 (32. g3 Rxb2) 32... Nd2 33. Nd1 Qa5 34. Kh1
Be5 $19 {Stockfish11}) 32. Nd1 Nxd1 33. Rxd1 Qb6 (33... Bg7 $19) 34. Bf3 Bf4+
35. Kh1 Be5 36. Qe4 Qxb2 37. Qg4 Qxa3 {not a particularly important pawn to
pick up, as it takes Bl's a pawn ages to become a threat} (37... Qf2 $19 38.
Qe6+ (38. Be2 Rf8 39. Bc4 Rf4 40. Qe2 Qg3 $19) 38... Kh8 39. Qxe7 c4 $19 {
Stockfish11- the c pawn is Bl's most advanced & dangerous pawn}) (37... Rb3 {
Julie} 38. Qe6+ (38. Rf1 Kg7 39. Qe6 Bf6 $19) 38... Kh8 (38... Kf8 39. Rf1 Rxa3
40. Bg4+ Bf6 41. Qe2 Qb4 $19 (41... Qxe2 42. Bxe2 a5 $19)) 39. Qf7 (39. Qxe7
Rxf3 $1 $19)) 38. Qe6+ Kf8 39. Rf1 Ke8 $2 (39... Bf6 $19 {keeps everything
covered}) 40. Qg8+ (40. Bg4 {forces mate} Qf3 41. Qg8+ Qf8 42. Rxf8#) 40... Kd7
41. Bg4+ $2 (41. Qxb8 {mating soon}) 41... Kc7 $19 42. Qe6 Qa6 (42... Kb6 $19)
(42... Rb2 43. Qxe7+ Kb6 $19) 43. Qxe7+ $11 Kb6 44. Rb1+ Ka5 45. Ra1+ $2 (45.
Qc7+ Rb6 46. Bd7 $11 {a very strange position indeed, it seems that Bl can
hardly move, but there is not a lot that Wh can do either} Bd4 47. Kh2 Be5+ {
repetition}) 45... Kb5 $2 (45... Bxa1 $19) 46. Rxa6 $18 (46. Qd7+ Kc4 47. Be2+
(47. Rxa6 $2 Rb1+ 48. Bd1 Rxd1#) 47... Kc3 48. Bxa6 $18) 46... Kxa6 47. Be2+
Kb6 48. Qd7 Rb7 {speeds up the loss, but there is little Bl can do now} 49.
Qc6+ 1-0

[Event "Dyfed Major"]
[Site "Fishguard"]
[Date "2020.02.16"]
[Round "4.8"]
[White "Bevan, Paul"]
[Black "Hunt, Ray"]
[Result "0-1"]
[WhiteElo "1219"]
[BlackElo "1518"]
[Annotator "kemen"]
[PlyCount "108"]
[EventDate "2020.??.??"]

{[%evp 0,108,72,31,25,34,14,-15,-15,-22,-11,-90,-74,-96,-96,-88,-40,-94,-29,
-75,-69,-215,-155,-308,-231,-220,-191,-191,-208,-290,-179,-613,-598,-628,-628,
-727,-502,-1342,-432,-438,-420,-420,-424,-424,-424,-430,-411,-423,-349,-350,
-351,-438,-440,-439,-411,-400,-411,-423,-433,-418,-431,-432,-445,-445,-448,
-542,-539,-557,-535,-546,-557,-557,-557,-599,-610,-630,-568,-577,-552,-578,
-588,-589,-591,-608,-642,-958,-804,-866,-902,-902,-914,-936,-878,-907,-1053,
-1099,-1143,-1193,-1177,-1363,-1017,-1505,-1933,-29985,-1505,-29985,-29988,
-29987,-2287,-29991,-29986]} 1. d4 Nf6 2. e3 d5 3. Bd3 Nc6 4. f4 Nb4 5. Be2 (5.
Nf3 Nxd3+ 6. cxd3 {is quite playable}) 5... Bf5 6. Bb5+ (6. Na3 {main, but
only scores 37 % for Wh}) (6. Bd3 {is the move selected by the Cloud Engines!
Deep Fritz13, Komodo13 & Stockfish11}) 6... c6 7. Ba4 Ne4 (7... e6 8. Bd2 Na6
9. c3 Be7 10. Nf3 O-O 11. O-O Nc7 12. Ne5 c5 (12... Nfe8 $15) 13. Bc2 Bxc2 14.
Qxc2 c4 (14... Rc8 $15) 15. Be1 $11 {Roncal-Becker,Wld ch U10, Oropesa del Mar
1998,1/2-1/2}) (7... a5 $17 {Stockfish11}) 8. Bb3 (8. c3 Na6 9. Nd2 e5 10. Nxe4
Bxe4 11. Nf3 Bxf3 12. Qxf3 e4 13. Qh5 Be7 14. O-O $11 {Stockfish11}) 8... b5 (
8... e6) 9. g4 $6 {creates holes in Wh's K side} Bd7 (9... e5 $19 {Stockfish11}
10. h4 Bd7 11. a3 h5 12. g5 (12. axb4 hxg4 13. h5 Bxb4+ 14. Nd2 exf4 15. exf4
Ng3 16. Rh2 Rxh5 $19) 12... Bg4 13. Nf3 Na6 $19) 10. f5 e6 $19 (10... e5 11. h4
Be7 12. Nf3 h5 $19 {Stockfish11}) 11. f6 Qxf6 (11... c5) 12. Nf3 Bd6 (12... c5)
(12... e5) (12... h5) 13. a3 Na6 14. Rf1 Qd8 (14... Bxh2 $19) 15. Ne5 $2 {
having kept the Q out, Wh now invites her in} Bxe5 (15... Qh4+ 16. Ke2 Qxh2+
17. Ke1 (17. Kf3 Ng5#) 17... Qg3+ 18. Ke2 Bxe5 19. dxe5 Qxg4+ 20. Ke1 Qh4+ 21.
Ke2 O-O {leaving Wh with a displaced K as well as behind in material &
development}) 16. dxe5 (16. Qf3) 16... Qh4+ 17. Ke2 Qxg4+ (17... Qxh2+ {
as note to move 15}) 18. Kd3 (18. Rf3) 18... Qxd1+ (18... Nf2+ {wins the Q})
19. Rxd1 Nf2+ 20. Kd2 Nxd1 21. Kxd1 Nc5 (21... O-O) 22. Ba2 Ne4 23. Nd2 Nf2+ (
23... f5) 24. Ke2 Ng4 25. h3 (25. Nf3 f6) 25... Nxe5 26. Nb3 O-O (26... a5) 27.
Nc5 Bc8 28. Bd2 Nc4 (28... Nd7) 29. Bxc4 bxc4 30. Rg1 e5 31. Bc3 f6 32. Bd2 (
32. Rg3) 32... Bxh3 33. e4 d4 34. Bh6 Rf7 {in addition to the exchange, Bl
still has all his pawns,4 of them extra} 35. Rg3 Bc8 36. Bd2 Rb8 37. b4 Ra8 (
37... a5 38. bxa5 Rb2) 38. c3 d3+ 39. Ke1 a5 40. a4 g5 41. Kd1 h5 42. Bxg5 Bg4+
{there will be no play for Wh} 43. Rxg4 hxg4 44. Bh4 axb4 (44... Rh7) 45. cxb4
Kh7 46. a5 Kg6 47. Bg3 Rh7 48. Na4 Rh3 49. Bf2 g3 50. Bxg3 Rxg3 51. Nc3 Rh3 52.
Kd2 Rh2+ 53. Ke1 Kf7 54. Na4 Rg8 0-1

[Event "Dyfed Major"]
[Site "Fishguard"]
[Date "2020.02.16"]
[Round "4.9"]
[White "Thacker, Steve"]
[Black "Osinga, Awne"]
[Result "0-1"]
[WhiteElo "1438"]
[BlackElo "1297"]
[Annotator "kemen"]
[PlyCount "46"]
[EventDate "2020.??.??"]

1. d4 d5 2. e3 e6 3. Bd3 Nf6 4. Nd2 Bd6 5. f4 a6 {2.5-0.5, not sure Bl needs
to play this here} (5... O-O) (5... c5) 6. a3 {Wh returns the tempo} (6. a4
Nbd7 7. Nh3 c5 8. c3 c4 9. Bc2 Nb6 10. O-O Qc7 11. Nf2 h5 12. Nf3 Bd7 13. Bd2
Be7 14. Ne5 Bc6 15. f5 Nfd7 16. a5 Nc8 17. Nxc6 Qxc6 18. Ba4 Qd6 19. e4 {
Demmery-Pejovic, CAN ch tm , Friendship Brantford 1996,1-0}) (6. c3 {does the
same protection as a3 , without losing an extra tempo} c5 7. Ngf3 (7. Qf3 Nc6 {
1.5-0.5}) 7... Nc6 {transposes to 13 games}) 6... c5 7. c3 (7. dxc5 Bxc5 8. Qe2
Nc6 9. Ngf3 O-O 10. b4 Ba7 11. Bb2 {looks possible, but Wh keeps a sensitive
spot at e3} e5 12. fxe5 Ng4 13. Bd4 Re8 14. Nb3 Ngxe5 15. Nxe5 Nxe5 16. O-O Qg5
$15 {Stockfish11}) 7... Nc6 8. Ngf3 c4 (8... b6) 9. Bc2 b5 10. Ne5 (10. e4 dxe4
(10... Bxf4 11. e5 Nh5 (11... Nd7 12. Nxc4 $18) 12. g3 Bh6 13. Ng1 g6 14. Nxc4
$16) 11. Nxe4 Nxe4 12. Bxe4 Bb7 13. O-O $11 {Stockfish11}) 10... Ne7 11. e4 Bb7
{gives Wh a chance} (11... dxe4 12. Nxe4 Bb7 13. Nxd6+ Qxd6 14. O-O O-O $11 {
Stockfish11}) 12. Qe2 (12. Nxf7 Kxf7 13. e5 $16 {Stockfish11}) 12... dxe4 13.
Bxe4 (13. Nxe4 Bxe4 14. Bxe4 Nxe4 15. Qxe4 O-O $15) 13... Nxe4 14. Nxe4 Nf5 15.
Nxd6+ Nxd6 $17 (15... Qxd6 $17) 16. Bd2 Ne4 (16... Qh4+ 17. Qf2 Qxf2+ 18. Kxf2
f6 $17 {Stockfish11}) 17. O-O-O (17. O-O {is safer}) 17... O-O $19 (17... a5
$19 {the Wh K position is easily opened}) 18. Rhg1 Qd6 (18... a5) 19. g4 f6 20.
Nf3 Nxd2 (20... a5 21. g5 b4 $19) (20... b4 21. axb4 a5 $19) (20... Bd5 $19)
21. Nxd2 a5 $17 22. Rdf1 (22. Qe3) 22... b4 $19 23. Qxc4 $2 Ba6 (23... Ba6 24.
Ne4 Qd5 25. Qxd5 exd5 26. Nd2 Bxf1 $19) (23... Rfc8 24. Qd3 (24. Qb3 bxc3 25.
bxc3 Rab8 26. Kd1 Bd5 27. Qc2 Qxa3 $19) 24... bxc3 25. Nc4 (25. bxc3 Qxa3+)
25... cxb2+ 26. Kxb2 Qa6 27. Rc1 Bd5 {looks even stronger as Wh's K has become
very exposed}) 0-1

[Event "Dyfed Major"]
[Site "Fishguard"]
[Date "2020.02.16"]
[Round "5.1"]
[White "Paffard, Mark"]
[Black "Hurn, Robert AJ"]
[Result "1-0"]
[WhiteElo "1603"]
[BlackElo "1697"]
[Annotator "kemen"]
[PlyCount "77"]
[EventDate "2020.??.??"]

1. e4 c5 2. Nc3 Nc6 3. g3 g6 4. Bg2 Bg7 5. d3 d6 6. Nge2 (6. Be3 {main} Rb8 7.
Nf3 (7. Nge2 e6 8. Qd2 b5 9. O-O b4 10. Nd1 a5 11. f4 Nge7 12. f5 {
Benaddi-Hurn, Gibraltar Challengers 2005,1-0}) 7... Nd4 8. Qd2 b5 9. O-O b4 10.
Nd1 e6 11. c3 bxc3 12. bxc3 Nxf3+ 13. Bxf3 Qa5 {Horrell-Hurn,Dyfed Open 2016,
0-1}) (6. f4 e6 7. Nf3 Nge7 8. O-O O-O 9. Ne2 (9. Be3 b6 10. Bf2 (10. d4 Ba6
11. Re1 d5 12. e5 cxd4 13. Nxd4 Nxd4 14. Bxd4 Rc8 15. Bf1 Bxf1 16. Rxf1 {
Gay-Hurn, S Wales New Year 2018,1-0}) 10... Ba6 11. Re1 Nd4 {Dixon-Hurn, S
Wales International 2018,1/2-1/2}) 9... d5 (9... Rb8 10. a4 (10. c3 b5 11. Bd2
b4 {Paffard-IC Jones, Dyfed League 2019,0-1}) 10... a6 11. h3 b5 12. axb5 axb5
13. g4 {Paffard-Leah, Dyfed League 2019,1-0}) 10. e5 Rb8 11. c3 b6 12. g4 f5
13. h3 Ba6 {Paffard-Hurn,Dyfed Open 2019,1/2-1/2}) 6... e6 7. Be3 (7. O-O Nge7
8. f4 (8. Bd2 O-O 9. Qc1 Rb8 10. Bh6 b5 11. h4 b4 12. Nd1 Bxh6 13. Qxh6 f5 14.
h5 {Elamri-Hurn, Gibraltar Challengers 2005,1-0}) 8... O-O 9. h3 Rb8 10. a3 b5
11. Qd2 $5 {Paffard-Leah,Dyfed League 2019,1/2-1/2}) 7... Nd4 8. O-O Rb8 (8...
Ne7 9. Qd2 {main}) 9. Rb1 (9. Qd2 {main} Ne7 (9... b5 10. Nd1) 10. Nd1) 9...
Bd7 (9... Ne7 10. Qd2 O-O {main}) 10. Qd2 a6 {3 draws} (10... b5 {1 game each})
11. Nd1 h5 {a plan to restrain Wh's K side attack (& keep the Bl K away from
it)} (11... Nxe2+ 12. Qxe2 Ne7 13. f4 f5 14. Nf2 O-O 15. Kh1 Qc7 16. g4 {
Kottusch-Kuehl, Schleswig-Holstein ch qual, Ratzeburg 1997, draw agreed} b5 $15
) (11... Rc8 $11 {Stockfish11}) 12. c3 Nxe2+ 13. Qxe2 Bb5 14. Qd2 Ne7 15. Re1
Qd7 (15... h4 $5 {one of Stockfish11 ideas}) 16. d4 b6 17. f4 Bc6 (17... O-O
18. Nf2 Rfd8 $14 {Stockfish11}) 18. d5 Bb7 (18... exd5 19. exd5 Bb7 20. Bf2 (
20. f5 Qxf5 21. Bg5 O-O 22. Be4 Qd7 23. Bxe7 Qxe7 24. Bxg6 Qf6 $11 25. Bc2 (25.
Bxh5 $2 Qf5 $19) 25... Rfe8 $11) 20... O-O $11 {Stockfish11}) 19. c4 (19. dxe6
Qxe6 20. Nf2 O-O 21. Rbd1 $16 {Stockfish11}) 19... e5 {inviting f5 at some
stage that will open up Bl's K side} (19... exd5 20. cxd5 a5 21. Nf2 h4 22. g4
h3 23. Nxh3 Qxg4 24. Ng5 Qh4 25. h3 O-O 26. Bf2 Qh6 27. Kh2 $16 {Stockfish11})
20. Nf2 $18 (20. b4 $18 {Stockfish11}) (20. fxe5 Bxe5 21. Nf2 $18 {Stockfish11}
) 20... Bc8 21. Bh3 (21. b4 $18 {Stockfish11}) (21. fxe5 Bxe5 22. Nd3 Bg7 23.
b4 $18 {Stockfish11}) 21... Qd8 22. fxe5 Bxe5 23. Bxc8 Qxc8 {Bl could have
some K side chances if Wh is not careful, however} 24. Bf4 $18 f6 25. Kh1 {
a little strange,unpinning a N before it is pinned & inviting h4} (25. Bxe5
fxe5 26. Kg2 h4 27. Qg5 hxg3 28. hxg3 Kd7 29. Ng4 $18 {Stockfish11}) 25... Qd7
(25... h4 {is worth a try} 26. Bxe5 fxe5 27. Rg1 hxg3 28. Rxg3 Kd7 29. Nh3 Rh5
30. Ng5 Qh8 31. Qg2 Rf8 {and Bl has brought all his pieces into play, though
Stockfish11 still thinks Wh is winning after} 32. a3 $18 {However to a human
eye it looks as if Bl should still have chances with} Rf4 33. h3 (33. b4 cxb4
34. axb4 {Stockfish11 only gives as plus for Wh, though its last few moves
have suggested this is a winning idea} Rfh4 35. h3 Rxg5 36. Rxg5 Rxh3+ 37. Kg1
Qh6 38. Rg3 Rh4 39. Rd1 $16) 33... Qf6 {and now it gives} 34. Kg1 $18 {as the
only winning move, when Wh is finally threatening b4}) 26. Rbd1 (26. b4 cxb4
27. Rxb4 O-O 28. Nd3 Rfc8 29. Rc1 $16 {Stockfish11}) 26... Ng8 (26... Bd4 27.
Nd3 h4 (27... Rc8 $14) 28. gxh4 Rxh4 29. Bg3 Rh7 30. Qg2 g5 31. Rf1 Ng6 $11 {
Stockfish11}) (26... Kf7 27. Bxe5 dxe5 28. Nd3 a5 29. Rf1 Qd6 30. Qf2 Kg7 31.
Qe2 h4 32. g4 g5 33. h3 Ng6 {Stockfish11 claims definite plus for Wh, but Bl
looks to have almost a complete blockade}) 27. Bxe5 fxe5 28. Qg5 (28. Rf1 Nh6
29. Kg2 Nf7 30. h4 O-O 31. Nh3 Kg7 $14 {Stockfish11}) 28... Kf7 {an
interesting idea, but it takes time} (28... Qg7 29. Nd3 (29. Nh3 Nf6 30. Qh4
Nh7 (30... O-O $11) 31. Rf1 Qe7 $11) 29... Nh6 30. Rf1 Nf7 31. Qd2 O-O $11 {
Stockfish11}) 29. Rf1 (29. Rd3 $1 Kg7 30. Rf3 Rf8 (30... Qd8 31. Nh3 Nf6 32.
Ref1 Rf8 33. Qh4 Nh7 34. Rxf8 Nxf8 35. Ng5 $18) 31. Rxf8 Kxf8 32. Qxg6 $18 {
Stockfish11}) 29... Kg7 $11 30. Qh4 Rf8 (30... Nf6 31. Nh3 Nh7 32. Ng5 Nxg5 33.
Qxg5 Qd8 $11 {Stockfish11}) 31. Nh3 Qe7 $2 {lets the N in} (31... Qg4 32. Ng5
Rf6 33. Kg1 (33. Ne6+ Kf7 $11) 33... Kf8 34. Rfe1 Ke7 35. Rd3 Nh6 36. Ne6 Qxh4
37. gxh4 Rb8 $14 {Stockfish11}) 32. Ng5 $18 (32. Qxe7+ {even stronger
according to Stockfish11} Nxe7 33. Ng5 Rf6 (33... Rxf1+ 34. Rxf1 $18) 34. Ne6+
Kf7 35. Rxf6+ Kxf6 36. Rf1+ Nf5 37. h4 $18 {Stockfish11}) 32... Rxf1+ (32...
Kh6 33. Ne6 g5 34. Qh3 Rf6 35. Qg2 Kg6 36. h4 g4 37. Rxf6+ Nxf6 38. Rf1 Rg8 39.
Qf2 Nh7 40. Kg2 {one of those obscure Engine projections, where it is adamant
that Wh is winning, and keeps on improving its position bit by bit, going from
+4 to +8, but where the delivery seems to get further and further away all the
time.} Rb8 {try nudging it forward to doing something} 41. Qe3 Rb7 (41... Ra8
42. Rf5 Re8 43. Qf2 Nf6 (43... Rb8 44. Rg5+ Nxg5 45. Qf5+ Kh6 46. hxg5+ Qxg5
47. Qxg5+ Kh7 48. Qg7#) 44. Rg5+ Kh6 45. Qf5 Qf7 46. a4 a5 {and Rudy still
can't fathom what its trying to achieve as just playing the the K around &
then the Q}) 42. Rf5 Qe8 43. Qf2 Rf7 {is this forced?} (43... Ra7 44. Nf8+ Kg7
45. Nxh7 Kxh7 46. Rf6 Qd7 47. Rf8 Qe7 48. Rf5 Qe8 49. Rf6 Qd7 50. Qe3 Qg7 51.
Rxd6 $18 {Stockfish nudged}) 44. Ng5 Nxg5 45. Rxg5+ Kh7 (45... Kh6 46. Qd2 $18)
46. Rxh5+) 33. Rxf1 {the rest is much easier for humans to follow} Qe8 34. Rf7+
(34. Ne6+ Kh7 35. g4 {Stockfish11 spies a mate in 10} Ne7 36. Qf6 Rg8 37. Rf3
Nf5 (37... Qd7 38. gxh5 gxh5 39. Qf7+ Kh6 40. Rf6+ Ng6 (40... Rg6 41. Qg7#) 41.
Qxg8 Qh7 42. Qf8+ Qg7 43. Qxg7#) 38. exf5 gxf5 39. Rxf5 Rxg4 40. Ng5+ Kg8 41.
Qh6 Rxg5 42. Rxg5+ Kf7 (42... Qg6 43. Rxg6+ Kf7 44. Qh7+ Kf8 45. Rg8# {delays
the process}) 43. Qg7#) 34... Kh6 35. Rc7 Ne7 36. Ne6 Qf7 37. Qg5+ Kh7 38. Rxe7
Rf8 39. Nxf8+ (39. Qf6 {preferred by Stockfish11  A game that allowed a triple
tie for first place. With thanks to Bob for supplying the game text.}) 1-0